Guadalupe en más pleno fulgor litúrgico /
Este es un sobretiro de la revista ábside, en el que Méndez Plancarte habla acerca de las oraciones más propias para la celebración de la fiesta de la Virgen de Guadalupe.
Guardado en:
| Hovedforfatter: | |
|---|---|
| Format: | Bog |
| Sprog: | spansk |
| Fag: | |
| Tags: |
Ingen Tags, Vær først til at tagge denne postø!
|
MARC
| LEADER | 00000nam^a2200000^a^4500 | ||
|---|---|---|---|
| 001 | 000120330 | ||
| 005 | 20250521000000.0 | ||
| 009 | 20260526123034.709 | ||
| 037 | |a Acervo ITESO - Biblioteca | ||
| 041 | |a ESP | ||
| 082 | |a 232. 917 |b MEN | ||
| 100 | |a Méndez Plancarte, Alfonso |e (autor) | ||
| 245 | 1 | 0 | |a Guadalupe en más pleno fulgor litúrgico / |c A. Méndez Plancarte. |
| 264 | |a México : |b Abside, |c 1952 | ||
| 300 | |a 46 p. | ||
| 336 | |a texto |b txt |2 rdacontenido | ||
| 337 | |a sin mediación |b n |2 rdamedio | ||
| 338 | |a volumen |b nc |2 rdasoporte | ||
| 520 | |a Este es un sobretiro de la revista ábside, en el que Méndez Plancarte habla acerca de las oraciones más propias para la celebración de la fiesta de la Virgen de Guadalupe. | ||
| 649 | |a XX | ||
| 650 | |a Oración (Religión) | ||
| 650 | |a Virgen de Guadalupe - |x Culto | ||
| 650 | |a Virgen María - |x Culto | ||
| 650 | |a Virgen de Guadalupe - |x Apariciones y Milagros - |x Historia | ||
| 650 | |a Virgen María - |x Apariciones y Milagros - |x Historia | ||
| 650 | |a Fiestas Religiosas - |z México - |x Historia | ||
| 650 | |a Iglesia Católica en México - |x Historia | ||
| 650 | |a Catolicismo | ||
| 650 | |a Cristianismo | ||
| 650 | |a Religión | ||
| 910 | |a Fondo Salvador Reynoso Reynoso | ||
| 920 | |a Impresos - Libros | ||
| 930 | |a Fondos Especiales | ||
| 905 | |a 112 | ||
| 901 | |a 0800005815 |b IT2 |c ESP |u 20250521 | ||
| 902 | |a https://opac.biblio.iteso.mx/vufind/Record/000120330 | ||